| 000 | 00874nam a22002537a 4500 | ||
|---|---|---|---|
| 001 | 5608 | ||
| 003 | FISKH | ||
| 005 | 20241220103106.0 | ||
| 008 | 241220b cb ||||| |||| 00| 0 eng d | ||
| 020 | _a9781407104225 | ||
| 040 |
_aFISKH _beng _cFISKH _dFISKH |
||
| 100 | _aDeary, Terry | ||
| 245 |
_aTerrifying Tudors / _cBy Terry Deary : Illustrated By Martin Brown |
||
| 260 |
_aNew York : _bScholastic ; _c2009. |
||
| 300 |
_a141 pages : _billustrations ; _c21 cm . |
||
| 490 | _aHorrible histories | ||
| 505 | _aT | ||
| 520 | _aHistory with the nasty bits left in. Grizzly details of Tudor life from horrendous beheadings to mysterious murders and cruel kings and queens. History has never been so horrible! | ||
| 521 | 8 |
_a810
_bLexile |
|
| 521 | 8 |
_aT
_bRaz-Plus |
|
| 700 |
_aBrown, Martin _eillustrator |
||
| 942 |
_2ddc _cBK _n0 |
||
| 999 |
_c5608 _d5608 |
||